Loading...

Karl Marx's theory of revolution /

Bibliografiske detaljer
Hovedforfatter: Draper, Hal
Format: Printed Book
Udgivet: Delhi : Aakar, 2011.
Fag:
LEADER 00519nam a22001577a 4500
020 |a 9789350021385 
082 |a 321.09  |b DRA.K 
100 |a Draper, Hal. 
245 |a Karl Marx's theory of revolution /  |c by Hal Draper. 
260 |a Delhi :  |b Aakar,  |c 2011. 
300 |a 373 p. 
500 |a Vol.4 : critique of other socialism 
650 |a Marxism 
942 |c BK 
999 |c 304292  |d 304292 
952 |0 0  |1 0  |4 0  |6 321_090000000000000_DRA_K  |7 0  |8 REF  |9 324992  |a POL  |b POL  |c REF  |d 2020-10-16  |l 0  |o 321.09 DRA.K  |p POL19616  |r 2020-10-16  |w 2020-10-16  |y BK